000 00409nam a2200181Ia 4500
001 385
005 20260306140514.0
008 260306t2009||||xx |||||||||||||| ||spa||
041 _aESP
082 _a110
_bG45
100 _aGilson, Étienne
_eAUT
245 0 _aEl ser y los filósofos
260 _c2009
300 _a302 páginas :
_c21 cm.
650 _aGEN
654 _aCHU
942 _cLIB
_dJUS
_fJUS
_2ddc
_n
999 _c385
_d385